Language Quiz

Random Language or Letter Quiz

Same Letter Pattern Quiz Stats

Quiz Updated Oct 29, 2014

Also try: Vowel Movement
Challenge
Share
Tweet
Embed
Score 0/30 Timer 03:00
1 Play Today
Word Letter % Correct
_ aspbe _ _ y???
88.1%
_ xc _ _ d???
86.4%
_ ransmi _ _ er???
85.7%
_ appu _ _ ino???
85.1%
_ owntro _ _ en???
84.4%
_ tiffne _ _???
83.9%
_ vergr _ _ n???
83.7%
_ ngin _ _ r???
83.6%
_ acksta _ _ er???
83.3%
_ tillne _ _???
83.1%
_ verl _ _ k???
82.2%
_ st _ _ m???
81.8%
_ ntr _ _???
80.8%
_ utl _ _ k???
80.2%
_ esu _ _ ect???
79.1%
Word Letter % Correct
_ ight _ _ n???
77.8%
_ utd _ _ r???
77.5%
_ wi _ _ er???
73.9%
_ hro _ _ le???
72.2%
_ inea _ _ le???
72.1%
_ owele _ _ e???
69.3%
_ oca _ _ y???
69%
_ ogsle _ _ er???
67.6%
_ itc _ _ ike???
66.2%
_ ecu _ _ ing???
65.9%
_ efe _ _ al???
65.5%
_ u _ _ et???
55%
_ re _ _ y???
54.9%
_ u _ _ le???
54.6%
_ lu _ _ y???
53.7%

You're not logged in!

Compare scores with friends on all Sporcle quizzes.
Sign Up with Email
OR
Log In

You Might Also Like...

Show Comments

Extras

Top Quizzes Today


Score Distribution

Your Account Isn't Verified!

In order to create a playlist on Sporcle, you need to verify the email address you used during registration. Go to your Sporcle Settings to finish the process.